| 000 | 00976cab a2200313 4500 | ||
|---|---|---|---|
| 001 | ABS48611 | ||
| 008 | 090401t1993 xxu||||| |||| 00| 0 eng d | ||
| 035 | _a(Sirsi) u67568 | ||
| 041 | _aeng | ||
| 100 | _aHighman, G. | ||
| 245 | _aLaws of nature | ||
| 260 | _c1993 | ||
| 350 | _a0 | ||
| 490 |
_aBuilding _v258(7794) 14 May 1993, 42-52(7) |
||
| 520 | _aDiscusses the current legislation and proposed moves affecting environmental policy. Suggests ways of finding out if land is contaminated and the methods of decontamination available. | ||
| 650 | _aCLEAN-UP TECHNIQUES | ||
| 650 | _aCONTAMINATED LAND | ||
| 650 | _aDECONTAMINATION | ||
| 650 | _aDESK STUDIES | ||
| 650 | _aENVIRONMENTAL PROTECTION ACT 1990 | ||
| 650 | _aHOUSING AND URBAN DEVELOPMENT BILL | ||
| 650 | _aLANDFILL SITES | ||
| 650 | _aMETHANE GAS | ||
| 650 | _aMETHANE INGRESS | ||
| 690 | _aENVIRONMENTAL AND LAND CONSULTANCY | ||
| 690 | _aLAND | ||
| 942 | _n0 | ||
| 948 | _c04/03/1997 | ||
| 999 |
_c42280 _d42280 |
||